000
00215 a2200097 4500
001
23417
100
_a
Barnes, L
245
_a
Transistors for Technical colleges
260
_a
_b
iliffe
_c
1965
090
_c
15811
_d
15811
942
_a
NUST-CAE
_c
M
_c
6460
999
_c
258490
_d
258490